| 000 | 00336nam a22001217a 4500 | ||
|---|---|---|---|
| 999 |
_c534297 _d534297 |
||
| 040 | _cMSOHAIL | ||
| 082 | _a891.4393 | ||
| 100 |
_aShaukat Siddiqui - شوکت صدیقی _928446 |
||
| 245 | _aIshq Kay Do Char Din / عشق کے دو چار دن | ||
| 260 |
_aKarachi _bRakitab Publication _cc2009 |
||
| 300 | _a444;p | ||
| 942 |
_2ddc _cBK |
||